=LDR 00000nam 2200000 4500 =001 INLIS000000000015699 =005 20130612110956 =008 ***********************************Ind** =035 ##$$0010-061300000015699 =041 ##$$a Ind =082 ##$$a 028.5 =090 ##$$a 028.5, Ami m =100 ##$$a Amiruddin, Samir =245 ##$$a Menyibak Alam Terbuka, Samir Amiruddin =260 ##$$a 1996 $b Jakarta =300 ##$$a 75 hlm, ils, 20 cm =650 ##$$a bacaan Anak-anak =850 ##$$a NBPNMAT